| 000 | 01123nam a2200241 u 4500 | ||
|---|---|---|---|
| 001 | 000775972 | ||
| 003 | AM-YeHGA | ||
| 005 | 20250617143938.0 | ||
| 008 | 101202s1974 ||||||||r|||||000|0|rus|d | ||
| 040 | _aAM-YeHGA | ||
| 041 | 0 | _arus | |
| 100 | 1 | _aГлущенко, Эдуард Васильевич | |
| 245 | 1 | 0 |
_aТеория и практика парентерального питания : _b(Пособие для анестезиологов, реаниматологов и хирургов) / _cЭ.В. Глущенко ; Центральный институт усовершенствования врачей. |
| 260 |
_aМосква : _b[Б. и.], _c1974. |
||
| 300 |
_a54 с. : _bил., табл. ; _c20 см. |
||
| 504 | _aБиблиогр.: с. 53-54 | ||
| 650 | 1 | 4 | _aПитание парентеральное |
| 650 | 1 | 4 | _aПитание, потребность в питании |
| 650 | 1 | 4 | _aМетаболические процессы |
| 650 | 1 | 4 | _aБиохимия |
| 710 | 2 | _aЦентральный институт усовершенствования врачей | |
| 090 | _c285980 | ||
| 999 |
_c284318 _d284318 |
||